[Event "GER-chT Betriebe 18th"]
[Site "Altenberg Zinnwald"]
[Date "2018.11.08"]
[Round "2.3"]
[White "Jaehnisch, Frank"]
[Black "Hammes, Frank"]
[Result "1-0"]
[WhiteElo "2244"]
[BlackElo "2118"]
[PlyCount "77"]
[EventDate "2018.11.08"]
[EventType "team-swiss"]
[EventRounds "7"]
[EventCountry "GER"]
[SourceTitle "EXT 2020"]
[Source "ChessBase"]
[SourceDate "2019.10.17"]
[SourceVersion "1"]
[SourceVersionDate "2019.10.17"]
[SourceQuality "1"]
[WhiteTeam "Berlin Osram"]
[BlackTeam "Erkrath"]
[WhiteTeamCountry "GER"]
[BlackTeamCountry "GER"]

1. d4 Nf6 2. c4 g6 3. Nf3 Bg7 4. g3 0-0 5. Bg2 d5 6. cxd5 Nxd5 7. 0-0 Nc6 8. Nc3 Nb6 9. e3 Bg4 10. h3 Bd7 11. b3 e5 12. dxe5 Nxe5 13. Nxe5 Bxe5 14. Bb2 c6 15. Qe2 Qe7 16. Rac1 Rfd8 17. Rfd1 Be6 18. Kh2 Rxd1 19. Rxd1 Rd8 20. Rxd8+ Qxd8 21. Ne4 Bg7 22. Bxg7 Kxg7 23. Qb2+ f6 24. Nc5 Bc8 25. e4 Qe7 26. Qd4 Qe5 27. Qb4 Qe7 28. Qa5 Qd6 29. a4 h5 30. h4 Qd4 31. Nxb7 Qxf2 32. Qxa7 Bg4 33. Nd6+ Kh8 34. Nf7+ Kg7 35. Ne5+ Kh6 36. Nxg4+ hxg4 37. a5 g5 38. Qxb6 Qe1 39. Qxc6 1-0

[Event "GER-chT Betriebe 14th"]
[Site "Dresden"]
[Date "2014.11.20"]
[Round "2.1"]
[White "Jaehnisch, Frank"]
[Black "Bumes, Konrad"]
[Result "1-0"]
[WhiteElo "2208"]
[BlackElo "1848"]
[PlyCount "77"]
[EventDate "2014.11.20"]
[EventType "team-swiss"]
[EventRounds "7"]
[EventCountry "GER"]
[SourceTitle "EXT 2020"]
[Source "ChessBase"]
[SourceDate "2019.10.17"]
[SourceVersion "1"]
[SourceVersionDate "2019.10.17"]
[SourceQuality "1"]
[WhiteTeam "Berlin Osram"]
[BlackTeam "Muenchen EPA II"]
[WhiteTeamCountry "GER"]
[BlackTeamCountry "GER"]

1. d4 d5 2. c4 c6 3. cxd5 cxd5 4. Nc3 Nf6 5. Bf4 e6 6. e3 a6 7. Bd3 Bd6 8. Bxd6 Qxd6 9. f4 Nc6 10. Nf3 Bd7 11. Ne5 h5 12. 0-0 Rh6 13. Rc1 Ke7 14. a3 Rg8 15. Nf3 Ng4 16. Qe2 g5 17. h3 gxf4 18. exf4 Nf6 19. Qe3 h4 20. Rce1 Rg3 21. Ne2 Rg7 22. Nc3 Rg3 23. Ne2 Rg7 24. f5 Rh8 25. Rf2 Kd8 26. fxe6 Bxe6 27. Ne5 Nh5 28. Nxc6+ Qxc6 29. Qf3 Qd6 30. Bf5 Ng3 31. Bxe6 Qxe6 32. Rc1 Ne4 33. Nf4 Qd6 34. Rfc2 Kd7 35. Rc7+ Qxc7 36. Rxc7+ Kxc7 37. Nxd5+ Kd6 38. Qxe4 Rhg8 39. Qe5+ 1-0

[Event "Oberliga Nord O 1415"]
[Site "Germany"]
[Date "2014.10.19"]
[Round "2.8"]
[White "Jaehnisch, Frank"]
[Black "Kaiser, Martin"]
[Result "1/2-1/2"]
[WhiteElo "2210"]
[BlackElo "2168"]
[PlyCount "20"]
[EventDate "2014.09.21"]
[EventType "team-tourn"]
[EventRounds "9"]
[EventCountry "GER"]
[SourceTitle "EXT 2016"]
[Source "ChessBase"]
[SourceDate "2015.10.08"]
[SourceVersion "1"]
[SourceVersionDate "2015.10.08"]
[SourceQuality "1"]
[WhiteTeam "Berlin Tegel II"]
[BlackTeam "Weisse Dame"]
[WhiteTeamCountry "GER"]
[BlackTeamCountry "GER"]

1. d4 Nf6 2. c4 e6 3. Nc3 Bb4 4. f3 d5 5. a3 Bxc3+ 6. bxc3 c5 7. cxd5 cxd4 8. e3 0-0 9. Bd3 b6 10. Ne2 Ba6 1/2-1/2

[Event "Oberliga Nord O 1314"]
[Site "Germany"]
[Date "2013.11.20"]
[Round "3.8"]
[White "Langner, Tobias"]
[Black "Jaehnisch, Frank"]
[Result "1/2-1/2"]
[WhiteElo "1968"]
[BlackElo "2220"]
[PlyCount "126"]
[EventDate "2013.10.13"]
[EventType "team-tourn"]
[EventRounds "9"]
[EventCountry "GER"]
[SourceTitle "EXT 2015"]
[Source "ChessBase"]
[SourceDate "2014.11.20"]
[SourceVersion "1"]
[SourceVersionDate "2014.11.20"]
[SourceQuality "1"]
[WhiteTeam "Potsdam USV"]
[BlackTeam "Koenig Tegel II"]
[WhiteTeamCountry "GER"]
[BlackTeamCountry "GER"]

1. d4 Nf6 2. c4 c5 3. d5 b5 4. f3 bxc4 5. e4 d6 6. Bxc4 g6 7. Ne2 Bg7 8. 0-0 Qb6 9. Nec3 0-0 10. b3 Ba6 11. Bxa6 Qxa6 12. Bb2 Nbd7 13. Qe2 Qxe2 14. Nxe2 Rab8 15. Na3 Nb6 16. Rab1 Nfd7 17. Bxg7 Kxg7 18. Nf4 Ne5 19. Rfd1 Nbd7 20. Nd3 g5 21. Rbc1 Nxd3 22. Rxd3 Ne5 23. Rdc3 Rb6 24. Nc4 Nxc4 25. Rxc4 Ra6 26. R1c2 Rb8 27. Kf2 Ra3 28. Re2 a5 29. e5 Rb4 30. exd6 exd6 31. Rxb4 axb4 32. Kg3 Kg6 33. h4 h6 34. hxg5 hxg5 35. Kg4 Ra8 36. f4 gxf4 37. Kxf4 Rh8 38. Re7 Rh5 39. Ke4 Rh4+ 40. Ke3 Rd4 41. a4 bxa3 42. Ra7 Rxd5 43. Rxa3 Rd4 44. Ra6 Kf5 45. b4 Re4+ 46. Kf3 Rxb4 47. Rxd6 Rb3+ 48. Ke2 Ke4 49. Rf6 Rb2+ 50. Kd1 Rxg2 51. Rxf7 Kd3 52. Rf3+ Kc4 53. Kc1 Kb4 54. Rh3 c4 55. Rf3 Kb5 56. Rh3 Ra2 57. Rg3 Kb4 58. Rh3 c3 59. Rh8 Kb3 60. Rb8+ Kc4 61. Rc8+ Kb3 62. Rb8+ Kc4 63. Rc8+ Kb3 1/2-1/2

[Event "Oberliga Nord O 0910"]
[Site "Germany"]
[Date "2009.10.18"]
[Round "1.6"]
[White "Sydow, Hardy"]
[Black "Jaehnisch, Frank"]
[Result "1/2-1/2"]
[WhiteElo "2137"]
[BlackElo "2230"]
[PlyCount "22"]
[EventDate "2009.10.18"]
[EventType "team-tourn"]
[EventRounds "9"]
[EventCountry "GER"]
[SourceTitle "EXT 2011"]
[Source "ChessBase"]
[SourceDate "2010.11.26"]
[SourceVersion "1"]
[SourceVersionDate "2010.11.26"]
[SourceQuality "1"]
[WhiteTeam "Eberswalde"]
[BlackTeam "Koenig Tegel"]
[WhiteTeamCountry "GER"]
[BlackTeamCountry "GER"]

1. e4 e6 2. d4 d5 3. Nc3 Bb4 4. exd5 exd5 5. Bd3 Nf6 6. a3 Be7 7. Nge2 Bg4 8. 0-0 0-0 9. f3 Bh5 10. Ng3 Bg6 11. Bg5 c6 1/2-1/2

[Event "Berlin Eckbauer op 11th"]
[Site "Berlin"]
[Date "2008.09.29"]
[Round "4.15"]
[White "Heimbrodt, Birk"]
[Black "Jaehnisch, Frank"]
[Result "0-1"]
[WhiteElo "1611"]
[BlackElo "2229"]
[PlyCount "38"]
[EventDate "2008.09.08"]
[EventType "swiss"]
[EventRounds "6"]
[EventCountry "GER"]
[SourceTitle "EXT 2022"]
[Source "ChessBase"]
[SourceDate "2021.10.06"]
[SourceVersion "1"]
[SourceVersionDate "2021.10.06"]
[SourceQuality "1"]

1. e4 g6 2. d4 Bg7 3. Nf3 d6 4. Nc3 a6 5. Be2 b5 6. Qd3 c6 7. Bg5 h6 8. Bh4 Qb6 9. 0-0 g5 10. Bg3 g4 11. Nh4 Qxd4 12. Nf5 Bxf5 13. exf5 Qxd3 14. cxd3 h5 15. Rac1 Nh6 16. f3 Nxf5 17. fxg4 Nxg3 18. hxg3 Bd4+ 19. Kh2 hxg4# 0-1

[Event "Kiel op-A 19th"]
[Site "Kiel"]
[Date "2006.07.26"]
[Round "7"]
[White "Schramm, Bernd"]
[Black "Jaehnisch, Frank"]
[Result "1/2-1/2"]
[WhiteElo "2123"]
[BlackElo "2250"]
[PlyCount "28"]
[EventDate "2006.07.22"]
[EventType "swiss"]
[EventRounds "9"]
[EventCountry "GER"]
[SourceTitle "CBM 113 Extra"]
[Source "ChessBase"]
[SourceDate "2006.09.14"]
[SourceVersion "1"]
[SourceVersionDate "2006.09.14"]
[SourceQuality "1"]

1. e4 e6 2. d4 d5 3. Nc3 Bb4 4. e5 c5 5. a3 Bxc3+ 6. bxc3 Ne7 7. Qg4 Qc7 8. Qxg7 Rg8 9. Qxh7 cxd4 10. Ne2 Nbc6 11. f4 Bd7 12. Qd3 dxc3 13. Nxc3 a6 14. Rb1 Na5 1/2-1/2

[Event "Berlin op 09"]
[Site "Berlin"]
[Date "2005.10.24"]
[Round "7"]
[White "Jaehnisch, Frank"]
[Black "Kievelitz, Bernd"]
[Result "1/2-1/2"]
[WhiteElo "2167"]
[BlackElo "1934"]
[PlyCount "55"]
[EventDate "2005.09.05"]
[EventType "swiss"]
[EventRounds "7"]
[EventCountry "GER"]
[SourceTitle "EXT 2007"]
[Source "ChessBase"]
[SourceDate "2006.11.23"]
[SourceVersion "1"]
[SourceVersionDate "2006.11.23"]
[SourceQuality "1"]

1. d4 Nf6 2. c4 e6 3. Nc3 Bb4 4. e3 0-0 5. Nge2 d5 6. a3 Be7 7. cxd5 exd5 8. b4 c6 9. Ng3 Re8 10. Bd3 Nbd7 11. 0-0 Nf8 12. b5 cxb5 13. Bxb5 Bd7 14. Qb3 a6 15. Bd3 Bc6 16. Nf5 Ng6 17. Nxe7+ Qxe7 18. Bd2 b5 19. f3 Qd7 20. Rfc1 Ne7 21. Ne2 Rec8 22. Ng3 g6 23. Rc5 Ne8 24. Bc3 Nd6 25. e4 Nb7 26. Qb2 f6 27. Rd1 Rf8 28. Bc2 1/2-1/2

[Event "Berlin op 09"]
[Site "Berlin"]
[Date "2005.10.10"]
[Round "5"]
[White "Jaehnisch, Frank"]
[Black "Schulz, Michael2222"]
[Result "1/2-1/2"]
[WhiteElo "2167"]
[BlackElo "2163"]
[PlyCount "27"]
[EventDate "2005.09.05"]
[EventType "swiss"]
[EventRounds "7"]
[EventCountry "GER"]
[SourceTitle "EXT 2007"]
[Source "ChessBase"]
[SourceDate "2006.11.23"]
[SourceVersion "1"]
[SourceVersionDate "2006.11.23"]
[SourceQuality "1"]

1. e4 e6 2. d4 d5 3. exd5 exd5 4. Bd3 Bd6 5. Nf3 Nf6 6. 0-0 0-0 7. Bg5 Bg4 8. Nbd2 Nbd7 9. c3 c6 10. Qc2 Qc7 11. h3 Bh5 12. Rfe1 Rfe8 13. Rxe8+ Rxe8 14. Re1 1/2-1/2

[Event "Berlin op 09"]
[Site "Berlin"]
[Date "2005.09.05"]
[Round "1"]
[White "Jaehnisch, Frank"]
[Black "Richter, Dirk"]
[Result "1-0"]
[WhiteElo "2167"]
[BlackElo "1589"]
[PlyCount "45"]
[EventDate "2005.09.05"]
[EventType "swiss"]
[EventRounds "7"]
[EventCountry "GER"]
[SourceTitle "EXT 2007"]
[Source "ChessBase"]
[SourceDate "2006.11.23"]
[SourceVersion "1"]
[SourceVersionDate "2006.11.23"]
[SourceQuality "1"]

1. d4 d5 2. c4 e6 3. Nc3 Be7 4. cxd5 exd5 5. Bf4 c6 6. Qc2 f5 7. e3 Nf6 8. Bd3 g6 9. Nge2 0-0 10. f3 Re8 11. 0-0-0 Nh5 12. Be5 Nd7 13. f4 Nhf6 14. h3 Nxe5 15. dxe5 Ne4 16. Bxe4 fxe4 17. g4 Qc7 18. Nxd5 Qa5 19. Nxe7+ Rxe7 20. Nc3 Be6 21. Qxe4 Bxa2 22. Nxa2 Qxa2 23. Kc2 1-0

[Event "Recklinghausen op 15th"]
[Site "Recklinghausen"]
[Date "2005.08.01"]
[Round "1"]
[White "Wachovius, Hans Werner"]
[Black "Jaehnisch, Frank"]
[Result "0-1"]
[WhiteElo "2027"]
[BlackElo "2241"]
[PlyCount "54"]
[EventDate "2005.08.01"]
[EventType "swiss"]
[EventRounds "7"]
[EventCountry "GER"]
[SourceTitle "CBM 107 Extra"]
[Source "ChessBase"]
[SourceDate "2005.09.01"]
[SourceVersion "1"]
[SourceVersionDate "2005.09.01"]
[SourceQuality "1"]

1. d4 Nf6 2. Nf3 b5 3. Bf4 Bb7 4. e3 a6 5. c4 b4 6. Bd3 Nh5 7. Bg5 h6 8. Bh4 g5 9. Bg3 Nxg3 10. hxg3 Bg7 11. Nbd2 c5 12. 0-0 d6 13. a3 a5 14. axb4 axb4 15. Rxa8 Bxa8 16. Qa4+ Bc6 17. Qa7 0-0 18. d5 Be8 19. b3 Nd7 20. Bf5 Qb6 21. Qxb6 Nxb6 22. Rc1 Bd7 23. Bd3 Ra8 24. e4 Bg4 25. Nh2 Ra2 26. Rc2 Ra1+ 27. Nhf1 Bd1 0-1

[Event "Olomouc op"]
[Site "Olomouc"]
[Date "2003.08.01"]
[Round "3"]
[White "Jaehnisch, Frank"]
[Black "Shanava, Konstantine"]
[Result "1/2-1/2"]
[WhiteElo "2260"]
[BlackElo "2415"]
[PlyCount "131"]
[EventDate "2003.07.30"]
[EventType "swiss"]
[EventRounds "9"]
[EventCountry "CZE"]
[SourceTitle "CBM 095 Extra"]
[Source "ChessBase"]
[SourceDate "2003.09.04"]
[SourceVersion "1"]
[SourceVersionDate "2003.09.04"]
[SourceQuality "1"]

1. d4 Nf6 2. c4 e6 3. Nc3 Bb4 4. Qc2 c5 5. dxc5 Na6 6. a3 Bxc3+ 7. Qxc3 Nxc5 8. f3 d6 9. b4 Na4 10. Qc2 Bd7 11. e4 Rc8 12. Qb3 Nb6 13. Be3 Ba4 14. Bxb6 Bxb3 15. Bxd8 Kxd8 16. Rc1 Ke7 17. Rc3 Ba4 18. Kd2 Nd7 19. Bd3 Ne5 20. Ne2 b5 21. cxb5 Nxd3 22. Rxd3 Rc2+ 23. Ke3 Bxb5 24. Rd2 Rhc8 25. Rhd1 R8c6 26. a4 Bxe2 27. Rxe2 Rxe2+ 28. Kxe2 Rc2+ 29. Rd2 Rc3 30. Rb2 Ra3 31. a5 Kd7 32. h4 h5 33. Kf2 g6 34. Kg3 e5 35. Rc2 Rb3 36. Rc4 Rb2 37. Kh2 Rb1 38. Kg3 Rf1 39. Rc2 f5 40. Rb2 Ra1 41. Rb3 Ra2 42. Kh3 fxe4 43. fxe4 Re2 44. b5 Rxe4 45. b6 axb6 46. axb6 Kc8 47. b7+ Kb8 48. g3 d5 49. Kg2 d4 50. Kf2 Rg4 51. Rb4 e4 52. Rb6 g5 53. hxg5 Rxg5 54. Rd6 e3+ 55. Ke2 Rg4 56. Rd5 Re4 57. Rd7 Rg4 58. Kf3 Re4 59. Ke2 h4 60. gxh4 Rxh4 61. Kd3 Rg4 62. Re7 Ka7 63. Kc4 Rh4 64. Kd3 Rg4 65. Kc4 Kb8 66. Kd3 1/2-1/2

[Event "Oberliga Nord O 0203"]
[Site "Germany"]
[Date "2002.12.15"]
[Round "3.5"]
[White "Jaehnisch, Frank"]
[Black "Rohde, Wolfgang"]
[Result "1-0"]
[WhiteElo "2266"]
[BlackElo "2242"]
[PlyCount "93"]
[EventDate "2002.10.20"]
[EventType "team"]
[EventRounds "9"]
[EventCountry "GER"]
[SourceTitle "EXT 2009"]
[Source "ChessBase"]
[SourceDate "2008.11.26"]
[SourceVersion "1"]
[SourceVersionDate "2008.11.26"]
[SourceQuality "1"]
[WhiteTeam "Koenig Tegel"]
[BlackTeam "Lichtenberg"]
[WhiteTeamCountry "GER"]
[BlackTeamCountry "GER"]

1. Nf3 Nf6 2. c4 g6 3. g3 Bg7 4. Bg2 0-0 5. 0-0 c5 6. Nc3 Nc6 7. d4 cxd4 8. Nxd4 Ng4 9. e3 Nge5 10. b3 d6 11. h3 a6 12. Bb2 Nxd4 13. exd4 Nc6 14. Ne2 Qa5 15. Nf4 Bf5 16. Nd5 e5 17. b4 Qd8 18. dxe5 Nxe5 19. Qb3 Rc8 20. Ne3 Be6 21. Bxb7 Bxh3 22. Bg2 Be6 23. Bxe5 Bxe5 24. Rad1 Rb8 25. a3 Qd7 26. Qd3 Bh3 27. f4 Bg7 28. Qxd6 Qa7 29. c5 Bxg2 30. Kxg2 Rfe8 31. Ng4 a5 32. Rfe1 axb4 33. axb4 h5 34. Rxe8+ Rxe8 35. Ne5 Qb7+ 36. c6 Bxe5 37. cxb7 Bxd6 38. Rxd6 Rb8 39. Rd7 Kg7 40. Kf3 Kf6 41. Ke4 Ke6 42. Rc7 f6 43. Kd4 g5 44. fxg5 fxg5 45. Kc5 Kf5 46. Kb6 Kg4 47. Rc3 1-0

[Event "Olomouc op"]
[Site "Olomouc"]
[Date "2001.08.05"]
[Round "4"]
[White "Jaehnisch, Frank"]
[Black "Sosna, Jan"]
[Result "0-1"]
[WhiteElo "2293"]
[BlackElo "2411"]
[PlyCount "70"]
[EventDate "2001.08.02"]
[EventType "swiss"]
[EventRounds "9"]
[EventCountry "CZE"]
[SourceTitle "EXT 2002"]
[Source "ChessBase"]
[SourceDate "2001.11.25"]
[SourceVersion "1"]
[SourceVersionDate "2001.11.25"]
[SourceQuality "1"]

1. Nf3 d5 2. c4 e6 3. g3 Nf6 4. Bg2 c5 5. 0-0 Nc6 6. b3 d4 7. d3 e5 8. Na3 Bd6 9. Nc2 0-0 10. e4 a6 11. Nfe1 b5 12. f4 bxc4 13. bxc4 Rb8 14. fxe5 Nxe5 15. Bg5 Be7 16. Bf4 Bg4 17. Nf3 Nfd7 18. Qd2 Bd6 19. Nxe5 Nxe5 20. Rab1 Qd7 21. Rb3 h6 22. Rfb1 Rxb3 23. Rxb3 Rb8 24. Bxe5 Bxe5 25. Na1 Qc7 26. Kf2 h5 27. Bf3 Bxf3 28. Kxf3 Re8 29. Ra3 Re6 30. Qa5 Qc8 31. Nb3 Rg6 32. Nxc5 Qg4+ 33. Kf2 Bxg3+ 34. hxg3 Qxg3+ 35. Ke2 Qh2+ 0-1